000
00325nam a22001337a 4500
008
181218b xxu||||| |||| 00| 0 eng d
020
_a
0070010722
041
_a
eng
080
_a
370
100
_a
49
101
_a
EDU
245
_a
Teaching English A second Language A book Of Readings
_c
Allen.C
942
_2
udc
_c
BK
999
_c
53423
_d
53423